[Event "Sicilia Regional-ch"]
[White "Miles, Raymond"]
[Black "Camarda, Giuseppe"]
[Site "Erice"]
[Round "6"]
[Result "0-1"]
[Date "2009.06.02"]
[WhiteElo "1434"]
[BlackElo "1553"]
[PlyCount "176"]
[EventDate "2009.05.30"]
[EventType "swiss"]
[EventRounds "7"]
[EventCountry "ITA"]
[SourceTitle "EXT 2011"]
[Source "ChessBase"]
[SourceDate "2010.11.26"]
[SourceVersion "1"]
[SourceVersionDate "2010.11.26"]
[SourceQuality "1"]

1. e4 c5 2. Nf3 d6 3. Bb5+ Bd7 4. Bxd7+ Qxd7 5. d4 cxd4 6. Nxd4 Nf6 7. Nc3 a6 8. 0-0 e6 9. b3 Be7 10. Re1 Qc7 11. Bb2 Nbd7 12. a4 Rc8 13. Kf1 0-0 14. Qd2 Rfe8 15. Rad1 h6 16. Kg1 Ng4 17. Qe2 Nge5 18. Kf1 Qa5 19. Nb1 Nc6 20. Nxc6 Rxc6 21. Qg4 Nf6 22. Bxf6 Bxf6 23. Qe2 Rec8 24. c4 Qb6 25. Nd2 Bc3 26. Rb1 Qa5 27. Red1 Be5 28. Kg1 Qd8 29. Qg4 Qf6 30. Nf3 Rd8 31. Nxe5 Qxe5 32. Qe2 Qc5 33. Rd3 e5 34. Qe3 Qxe3 35. Rxe3 Kf8 36. Kf1 Ke7 37. Ke2 Rf8 38. g4 Rcc8 39. h4 Rcd8 40. b4 Rc8 41. Rc1 Rc7 42. Rec3 Rfc8 43. Kd3 b6 44. Ke3 Kf6 45. f4 exf4+ 46. Kxf4 g5+ 47. hxg5+ hxg5+ 48. Ke3 Ke5 49. Kd3 Rh8 50. Re1 Rh4 51. Rec1 Rxg4 52. a5 Rg3+ 53. Ke2 b5 54. c5 Rxc3 55. Rxc3 Kxe4 56. Kd2 dxc5 57. bxc5 Kd5 58. Rg3 f6 59. Rf3 Rc6 60. Rf5+ Ke6 61. Rf3 Rxc5 62. Re3+ Kf7 63. Rd3 Rc6 64. Rd7+ Kg6 65. Rd3 f5 66. Ke2 g4 67. Kf2 Kg5 68. Kg3 Rh6 69. Kg2 Re6 70. Kg3 f4+ 71. Kf2 g3+ 72. Kf3 b4 73. Rb3 Re3+ 74. Rxe3 fxe3 75. Kxe3 b3 76. Kd2 g2 77. Kc3 g1Q 78. Kb2 Qd1 79. Ka3 Qb1 80. Kb4 b2 81. Kc3 Qa1 82. Kc4 b1R 83. Kc5 Qxa5+ 84. Kc6 Rb6+ 85. Kc7 Qc5+ 86. Kd7 Rd6+ 87. Ke7 Qc7+ 88. Ke8 Rd8# 0-1

[Event "Sicilia Regional-ch"]
[White "Miles, Raymond"]
[Black "Schinelli, Nicolo"]
[Site "Erice"]
[Round "4"]
[Result "1/2-1/2"]
[Date "2009.06.01"]
[WhiteElo "1434"]
[BlackElo "1377"]
[PlyCount "43"]
[EventDate "2009.05.30"]
[EventType "swiss"]
[EventRounds "7"]
[EventCountry "ITA"]
[SourceTitle "EXT 2011"]
[Source "ChessBase"]
[SourceDate "2010.11.26"]
[SourceVersion "1"]
[SourceVersionDate "2010.11.26"]
[SourceQuality "1"]

1. e4 e5 2. Nf3 Nc6 3. Bb5 Nf6 4. Qe2 Bc5 5. 0-0 0-0 6. Bxc6 dxc6 7. Nxe5 Qe8 8. Nd3 Nxe4 9. Nxc5 Nxc5 10. Qxe8 Rxe8 11. d4 Nd7 12. Nc3 c5 13. d5 b6 14. Bf4 Ba6 15. Rfe1 Rxe1+ 16. Rxe1 Rc8 17. Re7 Nf6 18. Bxc7 Bc4 19. Be5 Nxd5 20. Nxd5 Bxd5 21. b3 a5 22. c4 1/2-1/2